Política de vinculación con el medio: Decreto de Rectoría Académico Nº 001-2015
Պահպանված է:
| Համատեղ հեղինակ: | |
|---|---|
| Ձևաչափ: | Գիրք |
| Լեզու: | իսպաներեն |
| Հրապարակվել է: |
Valparaíso
Dirección General de Vinculación con el Medio PUCV
2015
|
| Հրատարակություն: | 1a. ed |
| Խորագրեր: | |
| Ցուցիչներ: |
Ավելացրեք ցուցիչ
Չկան պիտակներ, Եղեք առաջինը, ով նշում է այս գրառումը!
|
MARC
| LEADER | 00000cam a2200000 a 4500 | ||
|---|---|---|---|
| 001 | UCC5714 | ||
| 003 | CL-VaPUC | ||
| 008 | 181026e20150000cl |||||||||||||||||spa|d | ||
| 082 | 0 | 4 | |a 378 |b PON |2 21 |
| 110 | 2 | |a Pontificia Universidad Católica de Valparaíso |e author |9 600037 | |
| 245 | 1 | 0 | |a Política de vinculación con el medio: Decreto de Rectoría Académico Nº 001-2015 |
| 250 | |a 1a. ed | ||
| 300 | |a 16 p | ||
| 942 | |c BK | ||
| 945 | |d 20181026 16:22:00 |a dcastane | ||
| 260 | |a Valparaíso |b Dirección General de Vinculación con el Medio PUCV |c 2015 | ||
| 650 | 0 | |a Educación superior |9 223851 | |
| 650 | 0 | |a Universidades chilenas |9 407335 | |
| 650 | 7 | |a POLITICA UNIVERSITARIA |2 CL-VaPUC |9 545690 | |
| 583 | |a last modification |c 20181026 16:22:00 |k Rodrigo Vera | ||
| 999 | |c 372832 |d 372830 | ||
| 952 | |0 0 |1 0 |3 erb |4 0 |6 378_000000000000000_PON_2015 |7 0 |8 X |9 490687 |a FDOBUD |b FDOBUD |i 5501105 |o 378 PON 2015 |p 5501105 |r 2019-11-24 |w 2019-11-24 |y BK_X |z Catalogado en:20181026 |k FHP | ||